Arboristický štandard 7. Úprava podmienok pre rast drevín v urbanizovanom prostredí

Podrobná bibliografia
Hlavný autor: Paganová, Viera, 1968- (Autor)
Médium: Kniha
Jazyk:slovenčina
Fyzický popis:47 strán ilustrácie, schémy, tabuľky 25 cm
Vydavateľské údaje: V Nitre Slovenská poľnohospodárska univerzita v Nitre 2023
ISBN:9788055225678
9788055225685
Vydanie:Vydanie prvé
Predmet:

MARC

LEADER 00000cam a2200000 4500
001 vtls012230300
003 SK-MaSNL
005 20260302040352.0
008 230524s2023 xo kal frnf 000 0 slo
015 |a SNBA2023/06 
020 |a 9788055225678  |q (brožované) 
020 |a 9788055225685  |q (online) 
040 |a SNK  |b slo  |c SNK  |e rda 
041 0 |a slo 
044 |a xo  |c SK 
072 7 |a 58  |x Botanika  |2 konspekt 
072 7 |a 338.3/.4  |x Hospodárske a výrobné odvetvia  |2 konspekt 
080 |a 582.093  |2 2011 
080 |a 631.542  |2 2011 
080 |a 630*27  |2 2011 
080 |a 338.49  |2 2011 
080 |a (072)  |2 2011 
100 1 |a Paganová, Viera,  |d 1968-  |4 aut  |9 223793 
245 1 0 |a Arboristický štandard  |n 7.  |p Úprava podmienok pre rast drevín v urbanizovanom prostredí  |c Viera Paganová 
246 3 0 |a Úprava podmienok pre rast drevín v urbanizovanom prostredí 
250 |a Vydanie prvé 
264 1 |a V Nitre  |b Slovenská poľnohospodárska univerzita v Nitre  |c 2023 
300 |a 47 strán  |b ilustrácie, schémy, tabuľky  |c 25 cm 
336 |a text  |b txt  |2 rdacontent 
337 |a bez média  |b n  |2 rdamedia 
338 |a zväzok  |b nc  |2 rdacarrier 
366 |e 70 kusov 
504 |a Obsahuje bibliografiu na strane 31-33 
650 0 7 |a kry  |2 SNKPH  |9 59249 
650 0 7 |a arboristika  |2 SNKPH  |9 161260 
650 0 7 |a rez drevín  |2 SNKPH  |9 15850 
650 0 7 |a technická infraštruktúra  |2 SNKPH  |9 69265 
650 0 7 |a Shrubs  |2 SNKPHeng  |9 312053 
650 0 7 |a Pruning  |2 SNKPHeng  |9 339623 
650 0 7 |a Arboriculture  |2 SNKPHeng  |9 357782 
650 0 7 |a Technical infrastructure  |2 SNKPHeng  |9 425770 
655 7 |a metodické príručky  |2 SNKPH  |9 70250 
655 7 |a Methodological manuals  |2 SNKPHeng  |9 270866 
752 |a Slovensko  |d Nitra 
852 |a Štátna vedecká knižnica v Banskej Bystrici 
852 |a Slovenská národná knižnica 
919 |a 978 80-552-2567-8 
919 |a 978-80-552-2568-5 
954 |a odborná, vedecká literatúra pôvodná (slovenská)  |2 lita 
958 |a NB 
999 |c 1074382  |d 1076312 
952 |a SNK  |b SNK  |y PREZ  |7 0  |p 17A1531815  |o snkSC 167300/7  |i snk2023/8314  |8 0  |0 0  |1 0  |4 0  |d 2023-05-24  |f 1  |l 0  |r 2026-02-24 16:05:40  |w 2026-02-24